[Event "Titled Tuesday intern op 30th Apr Early"]
[Site "Chess.com INT"]
[Date "2024.04.30"]
[Round "6"]
[White "Shubenkova, Veronika"]
[Black "De Souza, Cristiano Gomes"]
[Result "1/2-1/2"]
[WhiteElo "2113"]
[BlackElo "2018"]
[PlyCount "131"]
[EventDate "2024.04.30"]
[EventType "swiss (blitz)"]
[EventRounds "11"]
[EventCountry "USA"]
[SourceTitle "CB19_2024"]
[SourceDate "2024.05.08"]
[SourceVersion "1"]
[SourceVersionDate "2024.05.08"]
[SourceQuality "1"]

1. e4 c5 2. Nf3 d6 3. g3 Nc6 4. Bg2 g6 5. 0-0 Bg7 6. d3 e5 7. Nc3 h6 8. Nd5 Nge7 9. c4 Nxd5 10. cxd5 Ne7 11. h3 0-0 12. a3 f5 13. Nd2 f4 14. a4 g5 15. Nc4 Ng6 16. Kh2 Qe7 17. Bd2 Bd7 18. b4 b6 19. bxc5 bxc5 20. Qh5 Kh7 21. a5 Rab8 22. Rab1 Rfc8 23. Rfc1 Be8 24. Qd1 Qc7 25. Bf3 Bd7 26. Bh5 Rxb1 27. Rxb1 Rb8 28. a6 Bc8 29. Ba5 Rxb1 30. Qxb1 Qe7 31. Qb5 fxg3+ 32. fxg3 Qf7 33. Qb2 Bf8 34. Ne3 Bxa6 35. Qe2 Bc8 36. Bf3 Be7 37. g4 Nh4 38. Nf5 Bxf5 39. gxf5 Nxf3+ 40. Qxf3 h5 41. Qd1 Kh6 42. Bd2 Qg7 43. Qg1 Bf6 44. Qa1 Kh7 45. Qa6 g4 46. hxg4 Qxg4 47. Qxd6 Qe2+ 48. Kh1 Qf1+ 49. Kh2 Qf2+ 50. Kh3 Qf3+ 51. Kh2 Qe2+ 52. Kh3 Qg4+ 53. Kh2 Bh4 54. Qd7+ Kg8 55. Qe8+ Kh7 56. Qf7+ Kh8 57. Qf8+ Kh7 58. Qh6+ Kg8 59. Qe6+ Kh7 60. Qf7+ Kh8 61. Qf8+ Kh7 62. Qh6+ Kg8 63. Qe6+ Kh7 64. Qd7+ Kh8 65. Qe8+ Kh7 66. Qf7+ 1/2-1/2